ქართული საერთაშორისო კერძო სამართალი=Georgisches internationales Privatrecht : (ბიბ.ჩანაწერი № 40584)
[ მარტივი ფორმატი ]
| 000 -ლიდერი | |
|---|---|
| ფიქსირებული სიგრძის საკონტროლო ველი | 01313nam a2200265Ia 4500 |
| 001 - საკონტროლო ნომერი | |
| საკონტროლო ველი | 7209 |
| 003 - საკონტროლო ნომრის იდენტიფიკატორი | |
| საკონტროლო ველი | GE_BSU |
| 005 - ბოლო ოპერაციის თარიღი და დრო | |
| საკონტროლო ველი | 20230606170906.0 |
| 008 - ფიქსირებული სიგრძის მონაცემთა ელემენტები - ზოგადი ინფორმაცია | |
| ფიქსირებული სიგრძის საკონტროლო ველი | 181216s2011||||ge |||||||||||||| ||geo|| |
| 020 ## - წიგნის საერთაშორისო სტანდარტული ნომერი | |
| International Standard Book Number | 9789941104237 |
| 040 ## - კატალოგიზაციის წყარო | |
| Transcribing agency | GE_BSU |
| 041 ## - ენის კოდი | |
| Language code of text/sound track or separate title | geo |
| 080 ## - უნივერსალური ათობითი კლასიფიკაციის ინდექსი | |
| Universal Decimal Classification number | 341.9(479.22) გ-12 |
| 100 ## - მთავარი ჩანაწერი - პიროვნების სახელი | |
| Personal name | გაბისონია, ზვიად |
| 9 (RLIN) | 8189 |
| 245 ## - ცნობა სათაურის შესახებ | |
| Title | ქართული საერთაშორისო კერძო სამართალი=Georgisches internationales Privatrecht : |
| Remainder of title | [იურიდ. ფაკ. სტუდ.] / |
| Statement of responsibility, etc | ზვიად გაბისონია; [რედ. ლადო ჭანტურია]. |
| 250 ## - გამოცემის ცნობა | |
| Edition statement | მე-2 გადამუშ. და დამატ.გამოც. |
| 264 ## - წარმოების, გამოცემის, დისტრიბუციის და სხვა ცნობები | |
| გამოცემის, წარმოების, დისტრიბუციის... ადგილი | თბილისი: |
| გამოცემის, წარმოების, დისტრიბუციის... სახელწოდება | მერიდიანი, |
| გამოცემის, წარმოების, დისტრიბუციის... თარიღი | 2011. |
| 300 ## - ფიზიკური აღწერა | |
| Extent | 490 გვ.; |
| Other physical details | 20 სმ. |
| 500 ## - ზოგადი შენიშვნა | |
| General note | პარალ. თავფურ. გერმ. |
| 504 ## - BIBLIOGRAPHY, ETC. NOTE | |
| Bibliography, etc | ბიბლიოგრ. ტექსტ. შენიშვნ. და გვ. 468-489. |
| 653 ## - INDEX TERM--UNCONTROLLED | |
| Uncontrolled term | სამართალი |
| 653 ## - INDEX TERM--UNCONTROLLED | |
| Uncontrolled term | ქართული საერთაშორისო კერძო სამართალი |
| 700 ## - ADDED ENTRY--PERSONAL NAME | |
| Personal name | ჭანტურია, ლადო |
| Relator term | რედაქტორი |
| 9 (RLIN) | 12988 |
| 942 ## - ADDED ENTRY ELEMENTS (KOHA) | |
| Koha item type | წიგნი |
| Source of classification or shelving scheme | |
| ჩამოწერის სტატუსი | დაკარგული ეგზემპლარის სტატუსი | კლასიფიკაციის წყარო ან თაროზე გაწყობის სქემა | დაზიანების სტატუსი | არ გაიცემა | მუდმივი მდებარეობა (დაცვის ადგილი) | ამჟამინდელი ადგილსამყოფელი | თაროზე განთავსების ადგილი | შეძენის თარიღი | ღირებულება, შესყიდვის ნორმალური ფასი | სრული შენახვის შიფრი | შტრიხკოდი | ბოლო ოპერაციის თარიღი | ეგზემპლარის მიმდევრობითი ნომერი (კეტერი?) | ფასის ძალაში შესვლის თარიღი | ეგზემპლარის სახეობა | საჯარო შენიშვნა |
|---|---|---|---|---|---|---|---|---|---|---|---|---|---|---|---|---|
| ბათუმის შოთა რუსთაველის სახელმწიფო უნივერსიტეტის მთავარი ბიბლიოთეკა | ბათუმის შოთა რუსთაველის სახელმწიფო უნივერსიტეტის მთავარი ბიბლიოთეკა | წიგნსაცავი | 2018-12-17 | 25.00 | 341.9(479.22) გ-12 | 22843 | 2018-12-17 | 22843 | 2018-12-17 | წიგნი | 25 ლ. | |||||
| ბათუმის შოთა რუსთაველის სახელმწიფო უნივერსიტეტის მთავარი ბიბლიოთეკა | ბათუმის შოთა რუსთაველის სახელმწიფო უნივერსიტეტის მთავარი ბიბლიოთეკა | წიგნსაცავი | 2018-12-17 | 25.00 | 341.9(479.22) გ-12 | 22844 | 2018-12-17 | 22844 | 2018-12-17 | წიგნი | 25 ლ. | |||||
| ბათუმის შოთა რუსთაველის სახელმწიფო უნივერსიტეტის მთავარი ბიბლიოთეკა | ბათუმის შოთა რუსთაველის სახელმწიფო უნივერსიტეტის მთავარი ბიბლიოთეკა | წიგნსაცავი | 2018-12-17 | 25.00 | 341.9(479.22) გ-12 | 22845 | 2018-12-17 | 22845 | 2018-12-17 | წიგნი | 25 ლ. | |||||
| ბათუმის შოთა რუსთაველის სახელმწიფო უნივერსიტეტის მთავარი ბიბლიოთეკა | ბათუმის შოთა რუსთაველის სახელმწიფო უნივერსიტეტის მთავარი ბიბლიოთეკა | წიგნსაცავი | 2021-11-22 | 24.00 | 341.9(479.22) გ-12 | 40581 | 2021-11-22 | 40581 | 2021-11-22 | წიგნი | 24 ლ. | |||||
| ბათუმის შოთა რუსთაველის სახელმწიფო უნივერსიტეტის მთავარი ბიბლიოთეკა | ბათუმის შოთა რუსთაველის სახელმწიფო უნივერსიტეტის მთავარი ბიბლიოთეკა | წიგნსაცავი | 2021-11-22 | 24.00 | 341.9(479.22) გ-12 | 40582 | 2021-11-22 | 40582 | 2021-11-22 | წიგნი | 24 ლ. | |||||
| ბათუმის შოთა რუსთაველის სახელმწიფო უნივერსიტეტის მთავარი ბიბლიოთეკა | ბათუმის შოთა რუსთაველის სახელმწიფო უნივერსიტეტის მთავარი ბიბლიოთეკა | წიგნსაცავი | 2021-11-22 | 23.00 | 341.9(479.22) გ-12 | 40712 | 2021-11-22 | 40712 | 2021-11-22 | წიგნი | 23 ლ. | |||||
| ბათუმის შოთა რუსთაველის სახელმწიფო უნივერსიტეტის მთავარი ბიბლიოთეკა | ბათუმის შოთა რუსთაველის სახელმწიფო უნივერსიტეტის მთავარი ბიბლიოთეკა | წიგნსაცავი | 2021-11-22 | 23.00 | 341.9(479.22) გ-12 | 40713 | 2021-11-22 | 40713 | 2021-11-22 | წიგნი | 23 ლ. |
